Дело по отношению генерал-губернатора Головина об увольнении в отпуск за границу преподавателя дворянства барона фон Эльсена и в...

Доступно только в Электронных читальных залах Найти на картеНа карте
RUSMARC
00003739nmc2a2200000 x 450
001121ce3a5-8fdb-4b5f-9b6f-362f3be99779
00520171109001639.0
100##$a20160819l18461846k l0rusy0189 ca
1010#$arus
102##$aRU
2001#$aДело по отношению генерал-губернатора Головина об увольнении в отпуск за границу преподавателя дворянства барона фон Эльсена и выдаче ему на отъезд туда паспорта
$j23 февраля - 23 марта 1846 г.
251##$cДело
300##$aДело
801#0$aRU
$bРГИА
$c20160819
$gRCR
801#1$aRU
$bГлавНИВЦ
$c20160819
$2rusmarc
801#2$aRU
$bПБ им. Б.Н. Ельцина
$c20171109
$gRCR
$2rusmarc
850##$aРГИА
852##$aРГИА
$eФедеральное казенное учреждение "Российский государственный исторический архив" (РГИА)
$j106
937##$hРГИА
$d12204571
$aASBIBLIO_SCAN
462#0$1001a27eaba9-7cb9-40a7-a26f-8911768d1c13
$12001
$a1846-1847 гг. Дела Департамента полиции исполнительной за 1846 г.
$1251
$cОпись
$1852
$j10
461#0$10013e300ed0-cd39-49af-8489-5ba5b90fa401
$12001
$aДепартамент полиции исполнительной МВД
$1251
$cФонд
$1852
$j1286
215##$a12 л.
$d36,5х26 см
371##$aДокумент не является опубликованным и широко распространяемым
105##$ay###
1222#$ad
035##$a121ce3a5-8fdb-4b5f-9b6f-362f3be99779
856##$uhttp://readingroom.main.prlib.ru/item.aspx?id_node=n108792516&mode=full
Формат отображения